[Event "FRA-chT3 Gr06 0607"]
[Site "France"]
[Date "2007.03.31"]
[Round "8.7"]
[White "Gallois, Jerome"]
[Black "Touze, Cedric"]
[Result "1-0"]
[WhiteElo "1970"]
[BlackElo "1800"]
[PlyCount "49"]
[EventDate "2006.10.15"]
[EventType "team"]
[EventRounds "9"]
[EventCountry "FRA"]
[SourceTitle "EXT 2008"]
[Source "ChessBase"]
[SourceDate "2007.11.25"]
[SourceVersion "1"]
[SourceVersionDate "2007.11.25"]
[SourceQuality "1"]
[WhiteTeam "Arradon"]
[BlackTeam "Rennes Paul Bert II"]
[WhiteTeamCountry "FRA"]
[BlackTeamCountry "FRA"]

1. Nc3 d6 2. d4 g6 3. e4 Nf6 4. f4 Bg7 5. Nf3 0-0 6. Bc4 c6 7. e5 dxe5 8. Nxe5 Nd5 9. 0-0 Be6 10. Ne2 f6 11. Bxd5 Bxd5 12. Nf3 Nd7 13. Qd3 e5 14. Nc3 Bf7 15. fxe5 fxe5 16. Ng5 exd4 17. Nxf7 Rxf7 18. Rxf7 Kxf7 19. Qc4+ Kf8 20. Ne4 Qb6 21. Bg5 Bf6 22. Nxf6 Nxf6 23. Rf1 d3+ 24. Kh1 Qxb2 25. Bxf6 1-0